Efficiency measurement in health care sector

Uložené v:
Podrobná bibliografia
Hlavný autor: Lacko, Roman, 1988-
Médium: Kapitola
Jazyk:English
Predmet:
Tagy: Pridať tag
Žiadne tagy, Buďte prvý, kto otaguje tento záznam!

MARC

LEADER 00000nla a2200000 4500
001 0225879
005 20240502073715.6
041 0 |a eng 
044 |a SK 
245 1 0 |a Efficiency measurement in health care sector  |c Roman Lacko 
500 |a Abstrakt 
610 2 0 |a zdravotníctvo 
610 2 0 |a ochrana zdravia 
610 2 0 |a starostlivosť o zdravie 
610 2 0 |a efektívnosť 
610 2 0 |a metódy 
610 2 0 |a regresia 
610 2 0 |a analýza obaľovania dát 
610 2 0 |a Slovensko 
100 1 |a Lacko, Roman, 1988-